Statistiques concernant Buteurs en équipe de France (2020 - …).

Cliquez ici pour prendre le quiz!

Statistiques générales

  • Ce quiz a été pris 4 301 fois
    (982 depuis la dernière actualisation)
  • Le résultat moyen est 16 sur 23

Statistiques - réponses

ButsJoueurClubPoste% Correct
33Kylian MbappéParis SGA
100%
17Olivier GiroudAC MilanA
99%
14Antoine GriezmannAtletico MadridA
98%
3Ousmane DembéléFC BarceloneA
92%
2Théo HernandezAC MilanD
90%
4Kingsley ComanBayern MunichM
85%
4Benjamin PavardBayern MunichD
83%
1Randal Kolo MuaniEintracht FrancfortA
83%
3Aurélien TchouaméniReal MadridM
81%
1Paul PogbaJuventusM
80%
10Karim BenzemaReal MadridA
78%
4Adrien RabiotJuventusM
74%
1Eduardo CamavingaReal MadridM
71%
2Marcus ThuramInter MilanA
70%
1N'golo KantéChelseaM
70%
2Dayot UpamecanoBayern MunichD
69%
1Warren Zaïre-EmeryParis SGM
65%
1Jonathan ClaussOlympique de MarseilleD
59%
1Youssouf FofanaAS MonacoM
58%
1Wissam Ben YedderAS MonacoA
39%
1Mattéo GuendouziOlympique de MarseilleM
31%
1Anthony MartialSéville FCA
22%
1Corentin TolissoBayern MunichM
20%

Distribution des résultats

Percentile par nombre de réponses

% des personnes avec chaque résultat

Votre développement - résultats

Vous n’avez pas pris ce quiz depuis la dernière actualisation